WWE - Jeff Jarrett's PPV Opponents - Statistics

General Stats
  • This quiz has been taken 246 times
  • The average score is 25 of 37
Answer Stats
Year Event Match Type Answer % Correct
1995 In Your House 2: The Lumberjacks Shawn Michaels
85%
1998 Breakdown 6-Man Tag Team Match Billy Gunn
84%
1999 Backlash Tag Team Match Billy Gunn
84%
1994 Survivor Series 5 vs. 5 Elimination Match Razor Ramon
82%
1995 Royal Rumble Razor Ramon
82%
1995 WrestleMania XI Razor Ramon
82%
1995 In Your House: Premiere 2-on-1 Handicap Match Razor Ramon
82%
1998 Breakdown 6-Man Tag Team Match Road Dogg
82%
1999 Backlash Tag Team Match Road Dogg
82%
1999 Unforgiven Chyna
81%
1999 Rebellion Chyna
81%
1999 No Mercy Good Housekeeping Match Chyna
81%
1998 SummerSlam Hair vs. Hair Match X-Pac
78%
1998 Breakdown 6-Man Tag Team Match X-Pac
78%
1999 St. Valentine's Day Massacre Tag Team Match D'Lo Brown
73%
1999 WrestleMania XV Tag Team Match D'Lo Brown
73%
1999 SummerSlam Title vs. Title Match D'Lo Brown
73%
1999 Rebellion D'Lo Brown
73%
1997 In Your House 19: D-Generation X The Undertaker
72%
1999 Fully Loaded Edge
70%
1999 St. Valentine's Day Massacre Tag Team Match Mark Henry
68%
1998 Rock Bottom Goldust
65%
1998 King of the Ring KOTR Semi-Final Match Ken Shamrock
63%
1994 Survivor Series 5 vs. 5 Elimination Match The British Bulldog
58%
1998 Fully Loaded Val Venis
57%
1999 Over the Edge Mixed Tag Team Match Val Venis
57%
1996 Royal Rumble Ahmed Johnson
56%
1999 WrestleMania XV Tag Team Match Test
54%
1994 SummerSlam Mabel
53%
1998 No Way Out Of Texas Bradshaw
50%
1994 King of the Ring KOTR Quarter-Final Match The 1-2-3 Kid
50%
1994 Survivor Series 5 vs. 5 Elimination Match The 1-2-3 Kid
50%
1998 Survivor Series Al Snow
45%
1998 Over The Edge Steve Blackman
44%
1994 Survivor Series 5 vs. 5 Elimination Match Fatu
41%
1999 Over the Edge Mixed Tag Team Match Nicole Bass
39%
1994 Survivor Series 5 vs. 5 Elimination Match Sionne
31%
No matching quizzes found
Score Distribution
Percent of People with Each Score
Percentile by Number Answered
Your Score History
You have not taken this quiz